Statistics for Most populous towns in Leicestershire

Click here to take the quiz!

General Stats

  • This quiz has been taken 171 times
  • The average score is 6 of 10

Answer Stats

PopulationCity% Correct
329, 839Leicester
94%
57, 600Loughborough
75%
22, 911Market Harborough
62%
25, 554Melton Mowbray
58%
34, 575Coalville
57%
45, 249Hinckley
56%
23, 849Oadby
56%
32, 321Wigston
55%
9, 353Lutterworth
31%
12, 758Ashby de la Zouch
28%

Score Distribution

Percentile by Number Answered

Percent of People with Each Score

Your Score History

You have not taken this quiz